000
00325nam a2200145Ia 4500
100
_a
Bates/ Regis J.
942
_c
BK
654
_a
electronics
245
_a
Wireless networked communication RISC
260
_b
Mc Graw Hill
_a
New york
_c
1995
082
_a
621.382
_b
BAT
300
_a
295
546
_a
ENGLISH
999
_c
28664
_d
28664